Every Demonym For U.S. States And Territories - Statistics

General Stats
  • This quiz has been taken 57 times
    55 since last reset
  • The average score is 39 of 56
Answer Stats
Hint Answer % Correct
Alaska Alaskan
96%
American Samoa American Samoan
96%
Alabama Alabaman
90%
Indiana Hoosier
88%
California Californian
86%
Florida Floridian
86%
Georgia Georgian
84%
Hawaii Hawaiian
84%
Idaho Idahoan
80%
Arizona Arizonian
78%
Montana Montanan
78%
Nebraska Nebraskan
78%
Nevada Nevadan
78%
Oklahoma Oklahoman
78%
Texas Texan
78%
Colorado Coloradan
76%
Iowa Iowan
76%
Kentucky Kentuckian
76%
Ohio Ohioan
76%
Puerto Rico Puerto Rican
76%
Arkansas Arkansan
74%
New Mexico New Mexican
74%
New York New Yorker
74%
Missouri Missourian
72%
North Carolina North Carolinian
72%
Pennsylvania Pennsylvanian
72%
South Dakota South Dakotan
72%
Virginia Virginian
72%
Louisiana Louisianan
70%
Minnesota Minnesotan
70%
Oregon Oregonian
70%
South Carolina South Carolinian
70%
Kansas Kansan
68%
Maryland Marylander
68%
Mississippi Mississippian
68%
North Dakota North Dakotan
68%
Washington Washingtonian
68%
District Of Columbia Washingtonian
68%
West Virginia West Virginian
68%
Rhode Island Rhode Islander
66%
Michigan Michiganian
64%
Delaware Delawarean
62%
Maine Mainer
62%
Illinois Illinoisan
58%
Vermont Vermonter
58%
Connecticut Connecticuter
56%
Utah Utahn
56%
Virgin Islands Virgin Islander
56%
New Jersey New Jerseyan
54%
Tennessee Tennessean
50%
Massachusetts Massachusettsan
48%
Wisconsin Wisconsinite
46%
Northern Mariana Islands Northern Mariana Islander
40%
New Hampshire New Hampshirite
38%
Wyoming Wyomingite
36%
Guam Guamanian
30%
No matching quizzes found
Score Distribution
Percent of People with Each Score
Percentile by Number Answered
Your Score History
You have not taken this quiz since the last reset